Statistics and data analysis in geology /
Guardado en:
| Autor Principal: | |
|---|---|
| Formato: | Libro |
| Idioma: | English |
| Publicado: |
New York :
Wiley,
c1973.
|
| Materias: | |
| Etiquetas: |
Agregar Etiqueta
Sin Etiquetas, Sea el primero en etiquetar este registro!
|
| LEADER | 00889cam a2200217 a 4500 | ||
|---|---|---|---|
| 001 | MAT.inmabb005279 | ||
| 008 | 720801s1973####nyua#####b####001#0#eng## | ||
| 005 | 20160601154701.0 | ||
| 245 | 1 | 0 | |a Statistics and data analysis in geology / |c John C. Davis ; with FORTRAN programs by Robert J. Sampson. |
| 260 | |a New York : |b Wiley, |c c1973. | ||
| 300 | |a xiii, 550 p. : |b il. ; |c 24 cm. | ||
| 504 | |a Incluye referencias bibliográficas. | ||
| 505 | 0 | |a 1. Introduction -- 2. Computers and programming -- 3. Elementary statistics -- 4. Matrix algebra -- 5. Analysis of sequences of data -- 6. Map analysis -- 7. Analysis of multivariate data. | |
| 020 | |a 0471198951 | ||
| 100 | 1 | |a Davis, John C. | |
| 650 | 0 | |a Geology |x Data processing. | |
| 650 | 0 | |a Geology |x Statistical methods. | |
| 084 | |a 62P99 |2 msc2000 | ||
| 010 | |a 72006792 | ||
| 040 | |a DLC |c DLC |d DLC | ||
| 859 | |h 62 |i D261 |p A-4222 |b BIB. MATEMATICA | ||
